[Event "Wilter"]
[Site "http://www.queenalice.com/game.php?id=813135"]
[Date "2010.8.4"]
[Round "-"]
[White "WILTER"]
[Black "Ares23"]
[Result "1-0"]
[WhiteElo "1533"]
[BlackElo "1500"]

1. e4 e5 2. Bc4 Nf6 3. d3 Nc6 4. Nf3 Bd6 5. Bg5 O-O 6. Nc3 h6 7. Bh4 Bb4 8. O-O
d6 9. Nd5 g5 10. Nxg5 hxg5 11. Bxg5 Bg4 12. f3 Bh5 13. Nxf6+ Kh8 14. Nh7 f6 15.
Nxf8 Qxf8 16. Be3 a6 17. a3 Bc5 18. Bxc5 dxc5 19. Bd5 Rd8 20. Bxc6 bxc6 21. Qe1
f5 22. Qh4 Qf7 23. Qxd8+ Kg7 24. Qg5+ Kf8 25. Qxf5 Ke8 26. Qc8+ Ke7 27. Qxc7+
1-0

[Event "Wilter"]
[Site "http://www.queenalice.com/game.php?id=813136"]
[Date "2010.8.4"]
[Round "-"]
[White "WILTER"]
[Black "betogroo"]
[Result "1-0"]
[WhiteElo "1447"]
[BlackElo "1471"]

1. e4 e5 2. Bc4 Qg5 3. Qf3 Nf6 4. Nc3 Bc5 5. d4 Qg4 6. Qxg4 Nxg4 7. dxc5 O-O 8.
h3 Nf6 9. Bg5 Nc6 10. Bxf6 gxf6 11. Nd5 Nd4 12. O-O-O d6 13. Nxf6+ Kg7 14. Nh5+
Kh6 15. g4 Be6 16. Bxe6 Nxe6 17. cxd6 cxd6 18. Ne2 Nc5 19. Neg3 Rac8 20. h4 Rg8
21. Rxd6+ Rg6 22. g5# 1-0

[Event "Wilter"]
[Site "http://www.queenalice.com/game.php?id=813138"]
[Date "2010.8.4"]
[Round "-"]
[White "WILTER"]
[Black "picapal"]
[Result "1-0"]
[WhiteElo "1561"]
[BlackElo "1479"]

1. e4 c6 2. c4 d5 3. cxd5 cxd5 4. Bb5+ Bd7 5. Qa4 a6 6. Bxd7+ Qxd7 7. Qxd7+ Nxd7
8. exd5 e6 9. dxe6 fxe6 10. d4 Bb4+ 11. Bd2 Bd6 12. Nf3 e5 13. O-O exd4 14. Re1+
Ne7 15. Nxd4 O-O 16. Nc3 Bc5 17. Be3 Nf5 18. Nxf5 Rxf5 19. Bxc5 Nxc5 20. Re3 Rd8
21. Rae1 Nd3 22. Rd1 Rdf8 23. Rexd3 Rxf2 24. Rd8 Rxd8 25. Rxd8+ Rf8 26. Rxf8+
Kxf8 27. Ne4 Ke7 28. Nc5 b5 29. Nxa6 Ke6 30. Nc7+ Kd6 31. Nxb5+ Kc5 32. Nc3 h5
33. Kf2 Kd4 34. a4 Kc5 35. Ke3 Kc4 36. Kf4 h4 37. Kg4 Kb3 38. a5 Kxb2 39. a6 1-0

[Event "Wilter"]
[Site "http://www.queenalice.com/game.php?id=813142"]
[Date "2010.8.4"]
[Round "-"]
[White "picapal"]
[Black "WILTER"]
[Result "0-1"]
[WhiteElo "1492"]
[BlackElo "1548"]

1. e4 c5 2. Nf3 Nc6 3. d4 cxd4 4. Nxd4 a6 5. Nxc6 bxc6 6. Qh5 Nf6 7. Qf3 e5 8.
Bd3 d6 9. Bg5 Be7 10. Bxf6 Bxf6 11. Nd2 O-O 12. Nc4 Bb7 13. O-O d5 14. Nd2 Qc7
15. exd5 cxd5 16. Qe3 d4 17. Qe2 Bg5 18. Ne4 Qc6 19. Qg4 Bf4 20. g3 f5 21. Qh3
fxe4 22. f3 Be3+ 23. Kh1 exd3 24. c4 Rxf3 25. Qg2 Rxf1+ 0-1

[Event "Wilter"]
[Site "http://www.queenalice.com/game.php?id=813143"]
[Date "2010.8.4"]
[Round "-"]
[White "mario48"]
[Black "WILTER"]
[Result "1-0"]
[WhiteElo "1536"]
[BlackElo "1567"]

1. e4 c5 2. c3 e6 3. d4 d5 4. exd5 exd5 5. Nf3 a6 6. Be2 Nc6 7. O-O Nf6 8. Re1
Be7 9. dxc5 O-O 10. Be3 Qc7 11. Nbd2 Bg4 12. b4 Bxf3 13. Bxf3 Ne5 14. Bf4 Nxf3+
15. Qxf3 Qd7 16. Rad1 a5 17. Nc4 Qb5 18. Nb6 Rae8 19. a4 Qc6 20. Be5 Rd8 21.
Bxf6 Bxf6 22. Nxd5 axb4 23. Nxf6+ gxf6 24. Qxc6 bxc6 25. Rxd8 Rxd8 26. cxb4 Rd4
27. Rb1 Kf8 28. h3 Ke7 29. a5 Kd7 30. a6 Kc7 31. b5 1-0

[Event "Wilter"]
[Site "http://www.queenalice.com/game.php?id=815595"]
[Date "2010.8.9"]
[Round "-"]
[White "betogroo"]
[Black "WILTER"]
[Result "0-1"]
[WhiteElo "1475"]
[BlackElo "1473"]

1. e4 e5 2. d4 exd4 3. Qxd4 Qf6 4. e5 Qb6 5. Nf3 Bc5 6. Qd5 Ne7 7. Qc4 Bxf2+ 8.
Kd1 O-O 9. Nc3 Nbc6 10. Ne4 d5 11. Nf6+ gxf6 12. Qf4 fxe5 13. Qg5+ Ng6 14. Bd3
e4 15. Nh4 exd3 16. Nxg6 dxc2+ 17. Kxc2 Nd4+ 18. Kb1 Bf5+ 0-1

[Event "Wilter"]
[Site "http://www.queenalice.com/game.php?id=815598"]
[Date "2010.8.9"]
[Round "-"]
[White "carlosufpe"]
[Black "WILTER"]
[Result "1/2-1/2"]
[WhiteElo "1576"]
[BlackElo "1535"]

1. e4 e5 2. Nf3 Nc6 3. d4 exd4 4. Nxd4 Nge7 5. Nxc6 Nxc6 6. Nc3 Bc5 7. Na4 Bb4+
8. c3 Be7 9. Be2 d6 10. Be3 a6 11. b3 b5 12. Nb2 Bb7 13. c4 b4 14. O-O O-O 15.
Qc2 Bf6 16. Rad1 Bxb2 17. Qxb2 f5 18. exf5 Qf6 19. Qxf6 Rxf6 20. g4 Re8 21. Bf3
Nd8 22. Bxb7 Nxb7 23. Bd4 Rf7 24. Rde1 Rfe7 25. Rxe7 Rxe7 26. f6 gxf6 27. Bxf6
Re2 28. Ra1 Nc5 29. Bd8 c6 30. Kf1 Rd2 31. Bg5 Rc2 32. Be7 Nb7 33. h4 Kf7 34.
Bg5 Nc5 35. Kg2 Ne4 36. Be3 d5 37. Kf3 Nc3 38. cxd5 cxd5 39. h5 Rxa2 40. Rxa2
Nxa2 41. Kf4 Nc3 42. Ke5 a5 43. Kd4 Ke6 44. Kc5 Ke5 45. Kb6 d4 46. Bd2 Ke4 47.
Kxa5 Kd3 48. Bh6 Nd5 49. f4 Kc3 50. f5 d3 51. f6 Nxf6 52. Ka4 Nxg4 53. Bf4 d2
54. Bxd2+ Kxd2 55. Kxb4 Ke3 56. Kc4 Ke4 57. b4 Ne5+ 58. Kb3 Nc6 59. b5 Nd4+ 60.
Kb4 Nxb5 61. Kxb5 Kf5 62. Kc4 Kg5 63. Kd3 Kxh5 64. Ke2 Kg4 65. Kf2 Kh3 66. Kg1
h5 67. Kh1 Kg3 1/2-1/2

[Event "Wilter"]
[Site "http://www.queenalice.com/game.php?id=815600"]
[Date "2010.8.9"]
[Round "-"]
[White "betofortaleza"]
[Black "WILTER"]
[Result "0-1"]
[WhiteElo "1427"]
[BlackElo "1497"]

1. e4 e5 2. Nf3 Nc6 3. Bb5 a6 4. Bxc6 dxc6 5. Nxe5 Qd4 6. Nd3 Qxe4+ 7. Qe2 Qxe2+
8. Kxe2 Bd6 9. Re1 Ne7 10. Kf1 O-O 11. g3 Bh3+ 12. Kg1 Rae8 13. Nc3 Nf5 14. Ne4
Nd4 15. Nb4 Nf3+ 16. Kh1 Nxe1 17. d3 Bxb4 18. a3 Nxc2 19. Ra2 Bc5 20. b4 Nd4 21.
bxc5 f5 22. Be3 fxe4 23. Bxd4 exd3 24. Ra1 Re2 25. f4 Rfe8 0-1

[Event "revanche"]
[Site "http://www.queenalice.com/game.php?id=817683"]
[Date "2010.8.13"]
[Round "-"]
[White "WILTER"]
[Black "betofortaleza"]
[Result "0-1"]
[WhiteElo "1552"]
[BlackElo "1595"]

1. e4 e5 2. Nf3 Nc6 3. Bc4 d6 4. Nc3 Bg4 5. h3 Bxf3 6. Qxf3 Nf6 7. Nd5 Nd4 8.
Nxf6+ gxf6 9. Qd1 b5 10. Bb3 Rg8 11. g3 f5 12. d3 Qf6 13. c3 Nxb3 14. Qxb3 a6
15. Be3 f4 16. gxf4 exf4 17. Qd5 Rc8 18. Bd4 Qg6 19. Qc6+ Kd8 20. O-O-O Qe6 21.
Kb1 Bg7 22. Rdg1 Qh6 23. Rxg7 Rxg7 24. Bxg7 Qxg7 25. Qd5 Qg6 26. h4 Kd7 27. e5
Re8 28. exd6 c6 29. Qd4 Qg2 30. Rc1 Re2 31. c4 Qxf2 32. Qxf2 Rxf2 33. c5 f3 34.
a3 Rd2 35. Rf1 f2 36. Ka2 a5 37. h5 h6 38. d4 a4 39. Kb1 Re2 40. Ka2 f5 41. d5
cxd5 42. c6+ Kxc6 43. Re1 fxe1=Q 44. d7 Qh4 0-1

[Event "Challenge"]
[Site "http://www.queenalice.com/game.php?id=821924"]
[Date "2010.8.23"]
[Round "-"]
[White "Petrucio"]
[Black "WILTER"]
[Result "0-1"]
[WhiteElo "1402"]
[BlackElo "1537"]

1. a4 e5 2. h4 Bc5 3. e4 Qf6 4. Nf3 Nc6 5. c3 d6 6. Bb5 Bg4 7. Qe2 Bxf3 8. gxf3
Ne7 9. Rh3 Ng6 10. Kd1 Nf4 11. Qf1 Nxh3 12. Qxh3 Bxf2 13. Qh1 O-O 14. Qh2 Qxh4
15. Qg2 Qg3 16. Qh1 Qg1+ 17. Qxg1 Bxg1 18. d4 exd4 19. Ke1 Ne5 20. Bf4 c6 21.
Be2 Be3 22. Bg3 f5 23. Bh4 d3 24. Bf1 Nxf3+ 25. Kd1 Nxh4 26. Bxd3 fxe4 27. Bxe4
Rf2 28. c4 Raf8 29. Ra3 Bd4 30. Rd3 Rxb2 31. Nd2 c5 32. Bd5+ Kh8 33. Nf1 Rxf1#
0-1

[Event "Wilter"]
[Site "http://www.queenalice.com/game.php?id=824080"]
[Date "2010.8.27"]
[Round "-"]
[White "WILTER"]
[Black "craig"]
[Result "0-1"]
[WhiteElo "1591"]
[BlackElo "1531"]

1. e4 e5 2. Nf3 d6 3. Bc4 Nf6 4. h3 Nxe4 5. d3 Nf6 6. Bg5 h6 7. Bh4 Be7 8. Nc3
c6 9. Bxf6 Bxf6 10. O-O O-O 11. Ne4 d5 12. Nxf6+ Qxf6 13. Bb3 Na6 14. c3 Be6 15.
d4 exd4 16. cxd4 Bf5 17. Bc2 Be6 18. Ne5 Rfe8 19. a3 Rac8 20. f4 c5 21. f5 cxd4
22. fxe6 Qxe6 23. Nd3 Qe3+ 24. Kh2 Qg5 25. Rc1 Re6 26. Bb1 Rce8 27. Nc5 Nxc5 28.
Rxc5 b6 29. Rc1 g6 30. Qxd4 Re2 31. Rg1 a5 32. Rcf1 b5 0-1

[Event "Wilter"]
[Site "http://www.queenalice.com/game.php?id=824088"]
[Date "2010.8.27"]
[Round "-"]
[White "Inexperiente"]
[Black "WILTER"]
[Result "1-0"]
[WhiteElo "1913"]
[BlackElo "1563"]

1. d4 d5 2. c4 e6 3. Nc3 Nf6 4. Bg5 Be7 5. Nf3 c6 6. cxd5 Nxd5 7. Bxe7 Qxe7 8.
e4 Nxc3 9. bxc3 Nd7 10. Bd3 e5 11. O-O O-O 12. Qc2 f6 13. Rfe1 Qf7 14. Nd2 Nb6
15. a4 Kh8 16. dxe5 fxe5 17. Nf3 Qh5 18. Rad1 Rxf3 19. gxf3 Bh3 20. Bf1 Bxf1 21.
Rxf1 Rf8 22. Rd3 Rf4 23. Rd8+ 1-0

[Event "Challenge"]
[Site "http://www.queenalice.com/game.php?id=833457"]
[Date "2010.9.15"]
[Round "-"]
[White "Andrei_78"]
[Black "WILTER"]
[Result "1-0"]
[WhiteElo "1691"]
[BlackElo "1603"]

1. e4 e5 2. Nf3 Nc6 3. h3 Bc5 4. d3 h6 5. Nc3 d6 6. Be2 f5 7. O-O Nf6 8. a3 O-O
9. b4 Bb6 10. Bd2 fxe4 11. dxe4 Nd4 12. Bc4+ Kh7 13. Nd5 Nxf3+ 14. Qxf3 1-0

[Event "Challenge"]
[Site "http://www.queenalice.com/game.php?id=835176"]
[Date "2010.9.19"]
[Round "-"]
[White "Andrei_78"]
[Black "WILTER"]
[Result "1-0"]
[WhiteElo "1677"]
[BlackElo "1617"]

1. e4 e5 2. Nf3 Nc6 3. Bd3 Bc5 4. O-O d6 5. a3 Nf6 6. b4 Bb6 7. Bc4 O-O 8. Ng5
h6 9. Bxf7+ Rxf7 10. Nxf7 Kxf7 11. h3 1-0